| 000 | 00478nam a2200169Ia 4500 | ||
|---|---|---|---|
| 999 |
_c12236 _d12236 |
||
| 003 | OSt | ||
| 005 | 20201021114242.0 | ||
| 008 | 190216s9999||||xx |||||||||||||| ||und|| | ||
| 040 | _coclc | ||
| 082 |
_a822.304 _bELI/E |
||
| 100 |
_aEliot, T S _94660 |
||
| 245 | 0 |
_aElizabethan Dramatists / _cT S Eliot |
|
| 260 |
_bFaber And Faber ltd , _c1963. _aLondon: |
||
| 300 | _a166p | ||
| 650 | _aEnglish Essay | ||
| 942 |
_cBK _2ddc _h822.304 _iELI/E _k822.304 _mELI/E |
||